000 00159nam a22000857a 4500
082 _a823
_bMAT/E
100 _aMATSUKA, YOKO
245 _aENJOY PHONICS
942 _cBK
999 _c3246
_d3246